00776nam a2200205 4500001000700000003000900007005001700016007000300033008004100036020001800077100002700095245013900122250002600261260003700287300003000324700004200354852003300396999001900429952012200448118936ES-MaACL20230906191216.0t|070214s1984 sp r ||||1| spa d a84-7114-059-41 aPeynaud, Emile.99159210aEnología práctica b: conocimiento y elaboración del vino / cEmile Peynaud ; versión española Alfredo González Salgueiro. a2ª. ed. rev. y ampl. aMadrid : bMundi-Prensa, c1984. a402 p. : bil. ; c24 cm.1 aGonzález Salgueiro, Alfredo.958950 aES-MaACLjL-11636 bR.113361 c118936d118936 00104070aATENEOMbATENEOMcDEPO2d2008-01-17eSCl0oL-11636p1123990r2023-02-23 00:00:00w2023-02-23yMONOGRAFIA